[Event "14. Lichtenberger Sommer"]
[Site "14. Lichtenberger Sommer"]
[Date "2015.08.19"]
[Round "5.118"]
[White "Kaufmann, Matthias"]
[Black "Kriuckova, Sonia"]
[Result "1/2-1/2"]
[WhiteElo "1541"]
[BlackElo "1256"]
[PlyCount "63"]
[EventDate "2015.??.??"]
[WhiteTeam "vereinslos"]
[BlackTeam "SV Empor Berlin"]

1. c4 c5 2. g3 Nc6 3. Nf3 e6 4. Bg2 d6 5. O-O Nf6 6. Nc3 Be7 7. d3 O-O 8. d4 d5
9. cxd5 Nxd5 10. Ne5 Nxe5 11. Nxd5 exd5 12. dxe5 d4 13. Qb3 Qb6 14. Qxb6 axb6
15. Rd1 Ra7 16. e3 Rd8 17. exd4 Rxd4 18. Rxd4 cxd4 19. Bf4 Bd7 20. a3 Bc6 21.
Rc1 Bxg2 22. Rc8+ Bf8 23. Kxg2 Ra5 24. e6 fxe6 25. Bd6 Rf5 26. g4 Rf7 27. f4 g6
28. g5 Kg7 29. Be5+ Kg8 30. Kf3 Rd7 31. Ke2 d3+ 32. Kd2 1/2-1/2

[Event "14. Lichtenberger Sommer"]
[Site "14. Lichtenberger Sommer"]
[Date "2015.08.19"]
[Round "5.119"]
[White "Lieger, Lucas"]
[Black "Raasch, Hauke"]
[Result "0-1"]
[WhiteElo "851"]
[BlackElo "1211"]
[PlyCount "78"]
[EventDate "2015.??.??"]
[WhiteTeam "SC Eintracht Berlin e.V."]
[BlackTeam "SC Eintracht Berlin e.V."]

1. d4 d5 2. Nc3 e6 3. Bf4 f5 4. Nf3 c6 5. e3 Nf6 6. Be2 Be7 7. O-O O-O 8. Ne5
Ne4 9. Qe1 Nd7 10. f3 Nd6 11. Nxd7 Bxd7 12. Be5 Nf7 13. Qg3 Nxe5 14. dxe5 Qb6
15. f4 Qxb2 16. Qe1 Qb6 17. Rf3 Be8 18. Rh3 a5 19. Nd1 Qb4 20. c3 Qb6 21. Qf1
Rc8 22. c4 d4 23. Bd3 dxe3 24. Nxe3 Bc5 25. Re1 Bf7 26. Qf2 Rcd8 27. Bc2 Rd7
28. Qh4 h6 29. Rg3 Rd2 30. Qxh6 Bxe3+ 31. Kh1 Bg6 32. Rxg6 Rf7 33. Bb3 Bc5 34.
Re3 Bxe3 35. c5 Qxc5 36. h4 Qc1+ 37. Kh2 Qg1+ 38. Kh3 Qh1+ 39. Kg3 Qxg2# 0-1

[Event "14. Lichtenberger Sommer"]
[Site "14. Lichtenberger Sommer"]
[Date "2015.08.19"]
[Round "5.120"]
[White "Jiranek, Benno"]
[Black "Grothe, Michael"]
[Result "1-0"]
[WhiteElo "1454"]
[BlackElo "1220"]
[PlyCount "119"]
[EventDate "2015.??.??"]
[WhiteTeam "SC Kreuzberg"]
[BlackTeam "vereinslos"]

1. d4 d5 2. c4 dxc4 3. e3 Nf6 4. Bxc4 e6 5. Nf3 Nc6 6. O-O a6 7. b3 Bd6 8. Bb2
O-O 9. Nbd2 b5 10. Be2 Bb7 11. e4 e5 12. dxe5 Nxe5 13. Bxe5 Re8 14. Bxf6 Qxf6
15. e5 Bxe5 16. Nxe5 Qxe5 17. Re1 Rad8 18. Qc2 Qd6 19. Rad1 Qc6 20. Qxc6 Bxc6
21. Kf1 g6 22. Bf3 Rxe1+ 23. Kxe1 Re8+ 24. Be2 Bxg2 25. Nf1 c6 26. Ne3 Bh3 27.
Bf3 Rc8 28. Rd6 Be6 29. Rxc6 Rxc6 30. Bxc6 h5 31. Nd5 Bxd5 32. Bxd5 b4 33. Kd2
Kf8 34. Kd3 Ke7 35. Kc4 f5 36. Kxb4 Kd6 37. Bb7 g5 38. Bxa6 f4 39. h3 g4 40.
hxg4 hxg4 41. Bc8 g3 42. fxg3 fxg3 43. Bb7 Ke5 44. Bg2 Kd4 45. a4 Ke3 46. a5
Kf2 47. Bd5 g2 48. Bxg2 Kxg2 49. a6 Kf3 50. a7 Kf4 51. a8=Q Ke5 52. Kc4 Ke6 53.
Qd8 Ke5 54. Qd5+ Kf6 55. Qe4 Kg5 56. Qf3 Kg6 57. Kd5 Kg5 58. Ke5 Kg6 59. Qf6+
Kh7 60. Qg5 1-0

[Event "14. Lichtenberger Sommer"]
[Site "14. Lichtenberger Sommer"]
[Date "2015.08.19"]
[Round "5.121"]
[White "Semenishchev, Sergej"]
[Black "Dittrich, Hans-Juergen"]
[Result "0-1"]
[WhiteElo "771"]
[BlackElo "1401"]
[PlyCount "94"]
[EventDate "2015.??.??"]
[WhiteTeam "SC Friesen Lichtenberg"]
[BlackTeam "vereinslos"]

1. e4 e5 2. Nf3 Nc6 3. Bc4 Nf6 4. Ng5 d5 5. Bb3 h6 6. exd5 Nxd5 7. Qf3 hxg5 8.
Bxd5 Qf6 9. Qxf6 gxf6 10. Bxc6+ bxc6 11. Nc3 Bd6 12. Ne4 f5 13. Nxg5 Rh5 14.
Nf3 c5 15. O-O e4 16. Re1 Be6 17. Re3 exf3 18. Rxf3 O-O-O 19. d3 Rdh8 20. h3 f4
21. Bxf4 Bd5 22. Bxd6 Bxf3 23. Be5 Rxe5 24. gxf3 Rhe8 25. Kf1 Re2 26. Rc1 a5
27. h4 Kd7 28. Kg2 Re1 29. Rxe1 Rxe1 30. Kg3 Re2 31. h5 Ke8 32. f4 Rxc2 33. Kg4
f6 34. Kf5 Kf7 35. h6 Rxf2 36. b4 cxb4 37. h7 Rh2 38. d4 Rxh7 39. d5 Rh5+ 40.
Ke4 Rh2 41. Kd4 Rxa2 42. Kc5 Rc2+ 43. Kb5 b3 44. Ka6 b2 45. Kb7 b1=Q+ 46. Kc8
Qb6 47. d6 cxd6+ 0-1

[Event "14. Lichtenberger Sommer"]
[Site "14. Lichtenberger Sommer"]
[Date "2015.08.20"]
[Round "6.21"]
[White "Wierzbicki, Jirawat"]
[Black "De Sallier, Francois"]
[Result "0-1"]
[WhiteElo "1961"]
[BlackElo "2131"]
[PlyCount "96"]
[EventDate "2015.??.??"]
[WhiteTeam "SK König Tegel"]
[BlackTeam "Club du Canal St-Martin Paris"]

1. e4 c5 2. c3 d5 3. exd5 Nf6 4. d4 Nxd5 5. Nf3 e6 6. Bc4 cxd4 7. cxd4 Bb4+ 8.
Nbd2 O-O 9. O-O Nc6 10. Ne4 Be7 11. Re1 b6 12. a3 Bb7 13. Bd2 Nf6 14. Nxf6+
Bxf6 15. Bc3 Ne7 16. Ne5 Nd5 17. Bd3 g6 18. Be4 Nxc3 19. bxc3 Bxe4 20. Rxe4 Rc8
21. Qd2 Bxe5 22. Rxe5 Qd6 23. a4 Rfd8 24. f4 Qc6 25. Ra3 Rd5 26. Kf2 Qc4 27.
Rxd5 Qxd5 28. a5 b5 29. a6 Rc6 30. Ra5 Qc4 31. Qb2 Qxc3 32. Qxc3 Rxc3 33. Rxb5
Ra3 34. Rb8+ Kg7 35. Ra8 Rxa6 36. g4 Ra3 37. Kg2 h6 38. Kf2 Kf6 39. Rh8 Rd3 40.
Rd8 a5 41. Rd7 a4 42. h4 h5 43. g5+ Kf5 44. Rxf7+ Ke4 45. Re7 Kxf4 46. Rxe6 a3
47. Rxg6 Rd2+ 48. Ke1 a2 0-1

[Event "14. Lichtenberger Sommer"]
[Site "14. Lichtenberger Sommer"]
[Date "2015.08.20"]
[Round "6.22"]
[White "Amelang, Thomas"]
[Black "Sabrowski, Uwe"]
[Result "1-0"]
[WhiteElo "2158"]
[BlackElo "2082"]
[PlyCount "69"]
[EventDate "2015.??.??"]
[WhiteTeam "SK Siemens München"]
[BlackTeam "SC Friesen Lichtenberg"]

1. e4 c5 2. Nc3 e6 3. g3 d5 4. d3 Nc6 5. Bg2 d4 6. Nce2 h5 7. c4 h4 8. Nh3 hxg3
9. hxg3 Bd6 10. Bd2 Bd7 11. Qb3 Qc7 12. O-O-O a6 13. Nef4 Ne5 14. Ng5 Rxh1 15.
Rxh1 Nh6 16. Nh5 Bf8 17. Nf3 Nhg4 18. Rh4 g6 19. Nf6+ Nxf6 20. Nxe5 Nh5 21.
Nxd7 Qxd7 22. Bf3 Ng7 23. Rh8 e5 24. Bg5 Qc6 25. Bg4 b5 26. Bh6 Ke7 27. cxb5
axb5 28. Bxg7 Bxg7 29. Rxa8 Qxa8 30. Qxb5 Qxa2 31. Qxc5+ Kf6 32. f4 Qa1+ 33.
Kc2 Qa4+ 34. Kb1 g5 35. Qd6# 1-0

[Event "14. Lichtenberger Sommer"]
[Site "14. Lichtenberger Sommer"]
[Date "2015.08.20"]
[Round "6.23"]
[White "Kornrumpf, Joachim"]
[Black "Kohler, Thomas"]
[Result "1/2-1/2"]
[WhiteElo "2046"]
[BlackElo "2206"]
[PlyCount "40"]
[EventDate "2015.??.??"]
[WhiteTeam "Preetzer TSV"]
[BlackTeam "SC Zitadelle Spandau"]

1. b3 Nf6 2. Bb2 g6 3. Nf3 Bg7 4. e3 O-O 5. c4 c5 6. Be2 Nc6 7. d3 b6 8. Nbd2
Bb7 9. O-O e6 10. Qc2 d5 11. cxd5 Nxd5 12. Bxg7 Kxg7 13. a3 Qe7 14. Rfe1 Rac8
15. Rac1 Rfd8 16. Bf1 Kg8 17. Qb1 Qf6 18. Ne4 Qg7 19. Qc2 h6 20. h3 Nc7 1/2-1/2

[Event "14. Lichtenberger Sommer"]
[Site "14. Lichtenberger Sommer"]
[Date "2015.08.20"]
[Round "6.24"]
[White "Bonke, Hans-Jürgen"]
[Black "McGowan, Daniel"]
[Result "0-1"]
[WhiteElo "1962"]
[BlackElo "2120"]
[PlyCount "50"]
[EventDate "2015.??.??"]
[WhiteTeam "SC Kreuzberg"]
[BlackTeam "SF 1903 Berlin"]

1. d4 Nf6 2. Bf4 e6 3. e3 c5 4. c3 b6 5. Nf3 Bb7 6. Be2 Be7 7. h3 O-O 8. O-O d6
9. Nbd2 Nbd7 10. Nc4 Ne8 11. dxc5 Nxc5 12. b4 Ne4 13. Qd3 Rc8 14. Nfd2 N4f6 15.
Nb2 Nd5 16. Rac1 Bf6 17. Ne4 Nxf4 18. exf4 Bxe4 19. Qxe4 Rxc3 20. Rxc3 Bxc3 21.
Nd3 d5 22. Qf3 Qf6 23. Rc1 Nd6 24. Nc5 bxc5 25. Rxc3 c4 0-1

[Event "14. Lichtenberger Sommer"]
[Site "14. Lichtenberger Sommer"]
[Date "2015.08.20"]
[Round "6.25"]
[White "Brümmel, Arend"]
[Black "Kapr, Klaus"]
[Result "1-0"]
[WhiteElo "2154"]
[BlackElo "2035"]
[PlyCount "116"]
[EventDate "2015.??.??"]
[WhiteTeam "Stader SV"]
[BlackTeam "SC Friesen Lichtenberg"]

1. d4 d5 2. c4 Nc6 3. Nc3 dxc4 4. Nf3 Bg4 5. d5 Bxf3 6. exf3 Na5 7. Qa4+ c6 8.
dxc6 Nxc6 9. Bxc4 e6 10. Be3 Bb4 11. Rc1 Nge7 12. O-O a6 13. Rfd1 Qc8 14. Bb6
O-O 15. Ne4 Nf5 16. a3 Be7 17. Qb3 Qe8 18. Nc5 Ncd4 19. Qa4 Bxc5 20. Qxe8 Rfxe8
21. Bxc5 Rad8 22. a4 b5 23. axb5 axb5 24. Bf1 e5 25. Bb6 Rc8 26. b4 g5 27. Rc5
Rxc5 28. bxc5 Rc8 29. Rb1 Ne7 30. Bxb5 Kg7 31. Bd3 Ne6 32. Ba6 Rb8 33. Rd1 Nd4
34. Bc7 Ra8 35. Bxe5+ f6 36. Bxd4 Rxa6 37. Kf1 Kf7 38. Ke2 Nd5 39. g3 Ke6 40.
Rd2 Ra4 41. Kd3 Nb4+ 42. Kc3 Nd5+ 43. Kb3 Rb4+ 44. Kc2 Rc4+ 45. Kd3 Ra4 46.
Re2+ Kd7 47. Rb2 Nb4+ 48. Kd2 Nd5 49. Be3 Kc6 50. Kd3 Ra3+ 51. Ke2 Nc3+ 52. Kf1
Nd5 53. Bc1 Ra8 54. Kg2 Nc7 55. Kh3 Kxc5 56. Kg4 Ra4+ 57. Kf5 Ra8 58. Rd2 Re8
1-0

[Event "14. Lichtenberger Sommer"]
[Site "14. Lichtenberger Sommer"]
[Date "2015.08.20"]
[Round "6.26"]
[White "Simon, Ralf-Axel"]
[Black "Geldner, Gerrit"]
[Result "1-0"]
[WhiteElo "2113"]
[BlackElo "1777"]
[PlyCount "101"]
[EventDate "2015.??.??"]
[WhiteTeam "TSG Neuruppin"]
[BlackTeam "Schachunion Berlin"]

1. Nf3 Nf6 2. c4 e6 3. b3 d5 4. Bb2 Be7 5. e3 O-O 6. Nc3 c5 7. cxd5 Nxd5 8.
Nxd5 Qxd5 9. Bc4 Qd8 10. d4 Qa5+ 11. Qd2 Qxd2+ 12. Kxd2 Nc6 13. dxc5 Bxc5 14.
Rhd1 Rd8+ 15. Ke2 Bd7 16. Rac1 Be7 17. Ne5 Nxe5 18. Bxe5 Bc6 19. Rxd8+ Rxd8 20.
Bd4 Ra8 21. f3 Kf8 22. Bd3 g6 23. Be4 Bxe4 24. fxe4 Bd8 25. Rc4 a6 26. Be5 Ke8
27. Rb4 b6 28. a4 Ke7 29. Rd4 Rc8 30. Bd6+ Ke8 31. Kd2 Rc6 32. e5 Be7 33. e4
Bxd6 34. exd6 Kd7 35. e5 f6 36. exf6 Rxd6 37. Ke3 e5 38. Rxd6+ Kxd6 39. Ke4 Ke6
40. f7 Kxf7 41. Kxe5 Ke7 42. b4 h6 43. h4 h5 44. g3 b5 45. a5 Kd7 46. Kf6 Kc6
47. Kxg6 Kd5 48. Kxh5 Kc4 49. Kg4 Kxb4 50. h5 Kc3 51. h6 1-0

[Event "14. Lichtenberger Sommer"]
[Site "14. Lichtenberger Sommer"]
[Date "2015.08.20"]
[Round "6.27"]
[White "Nabel, Matthias"]
[Black "Reichenbach, Werner"]
[Result "1/2-1/2"]
[WhiteElo "1802"]
[BlackElo "2241"]
[PlyCount "115"]
[EventDate "2015.??.??"]
[WhiteTeam "SV Motor Wildau"]
[BlackTeam "SC Eintracht Berlin"]

1. Nf3 Nf6 2. g3 b6 3. c4 c5 4. Bg2 Bb7 5. Nc3 e6 6. O-O Be7 7. Re1 O-O 8. e4
d6 9. d3 Ne8 10. Qe2 Bf6 11. Bd2 Nc7 12. Rad1 Nc6 13. Bc1 Rb8 14. Qd2 a6 15.
Ne2 e5 16. Kh1 g6 17. Nfg1 Bg7 18. f4 f5 19. Nf3 Ne6 20. Qc2 Nb4 21. Qb1 Nxd3
22. Qxd3 fxe4 23. Qxd6 Qxd6 24. Rxd6 exf3 25. Rxe6 fxg2+ 26. Kg1 Rfe8 27. Rxe8+
Rxe8 28. Nc3 b5 29. Ne4 Bc6 30. cxb5 axb5 31. Nxc5 exf4 32. Rxe8+ Bxe8 33. Ne6
fxg3 34. Nxg7 gxh2+ 35. Kxh2 Kxg7 36. Kxg2 Kf6 37. Bd2 g5 38. b3 Kf5 39. Ba5
Ke4 40. Bd2 h6 41. a4 bxa4 42. bxa4 Bxa4 43. Kg3 Bd7 44. Bc1 Kf5 45. Ba3 h5 46.
Bd6 h4+ 47. Kh2 Kf6 48. Bc7 Ke7 49. Ba5 Bf5 50. Bb6 Be6 51. Ba5 Kf7 52. Kg2 Kg6
53. Bc7 Kh5 54. Bd6 Kg6 55. Bc7 Bd5+ 56. Kh2 Kf5 57. Bd6 Bc4 58. Be7 1/2-1/2

[Event "14. Lichtenberger Sommer"]
[Site "14. Lichtenberger Sommer"]
[Date "2015.08.20"]
[Round "6.28"]
[White "Plump, Detlef"]
[Black "Zeller, Elisa"]
[Result "1/2-1/2"]
[WhiteElo "2216"]
[BlackElo "1947"]
[PlyCount "70"]
[EventDate "2015.??.??"]
[WhiteTeam "Bremer SG von 1877"]
[BlackTeam "SF Göppingen"]

1. e4 e6 2. d4 d5 3. Nc3 Bb4 4. e5 c5 5. a3 Bxc3+ 6. bxc3 Ne7 7. Nf3 c4 8. a4
Nbc6 9. Be2 Qa5 10. Bd2 Bd7 11. O-O h6 12. Qc1 Nc8 13. Qa3 Nb6 14. Rfb1 Nb8 15.
Qd6 Na6 16. h4 Rd8 17. Qa3 Bc6 18. h5 Nxa4 19. g3 Qc7 20. Nh4 Qe7 21. Qc1 Nc7
22. f4 b5 23. f5 Bd7 24. Bg4 a6 25. Qf1 exf5 26. Bxf5 Ne6 27. Qf3 Ng5 28. Qg4
Be6 29. Rf1 O-O 30. Bxg5 hxg5 31. Bxe6 Qxe6 32. Qxg5 f6 33. exf6 Rxf6 34. Rxf6
Qxf6 35. Qxf6 gxf6 1/2-1/2

[Event "14. Lichtenberger Sommer"]
[Site "14. Lichtenberger Sommer"]
[Date "2015.08.20"]
[Round "6.29"]
[White "Mahn, Franko"]
[Black "Keusch, Horst"]
[Result "0-1"]
[WhiteElo "2169"]
[BlackElo "1984"]
[PlyCount "70"]
[EventDate "2015.??.??"]
[WhiteTeam "SC Weisse Dame (Berlin)"]
[BlackTeam "SC Eintracht Berlin"]

1. c4 Nf6 2. g3 e6 3. Bg2 d5 4. Nf3 Be7 5. d4 O-O 6. Nc3 dxc4 7. O-O Nbd7 8. e3
Rb8 9. a4 a6 10. Nd2 b5 11. axb5 axb5 12. Bc6 b4 13. Ncb1 Nb6 14. Qe2 Qd6 15.
Bg2 Bd7 16. Ra5 Bc6 17. Nxc4 Nxc4 18. Qxc4 Bxg2 19. Kxg2 Qb6 20. Ra6 Qb7+ 21.
Rc6 Rfd8 22. f3 Rd7 23. Nd2 Nd5 24. Nb3 Nb6 25. Qc2 Ra8 26. Bd2 Ra2 27. Rc1 Bd6
28. e4 Na4 29. e5 Bf8 30. Qd3 Rxb2 31. Kh3 Nc3 32. Na5 Qb5 33. Qxb5 Nxb5 34.
Nc4 Ra2 35. Be3 Na7 0-1

[Event "14. Lichtenberger Sommer"]
[Site "14. Lichtenberger Sommer"]
[Date "2015.08.20"]
[Round "6.30"]
[White "Niehaus, Frank"]
[Black "Jaeger, Andre"]
[Result "1-0"]
[WhiteElo "2203"]
[BlackElo "1942"]
[PlyCount "57"]
[EventDate "2015.??.??"]
[WhiteTeam "SK König Tegel"]
[BlackTeam "SC Rochade (Berlin)"]

1. d4 Nf6 2. Bg5 c5 3. Bxf6 gxf6 4. d5 Qb6 5. Qc1 f5 6. e3 Bg7 7. c3 e5 8. Nd2
d6 9. Nc4 Qd8 10. a4 b6 11. Qc2 Qf6 12. O-O-O O-O 13. f4 e4 14. h3 Ba6 15. Na3
Bxf1 16. Rxf1 a6 17. Ne2 Nd7 18. g4 b5 19. gxf5 Qxf5 20. Rhg1 Qxd5 21. Rg5 f5
22. Rfg1 Rf7 23. Ng3 h6 24. Rg6 Kh7 25. Rd1 Qxd1+ 26. Qxd1 Kxg6 27. Qh5+ Kf6
28. Qxf5+ Ke7 29. Qxe4+ 1-0

[Event "14. Lichtenberger Sommer"]
[Site "14. Lichtenberger Sommer"]
[Date "2015.08.20"]
[Round "6.31"]
[White "Roth, Josef"]
[Black "Junge, Wolfgang"]
[Result "1/2-1/2"]
[WhiteElo "2101"]
[BlackElo "1896"]
[PlyCount "41"]
[EventDate "2015.??.??"]
[WhiteTeam "SK König Tegel"]
[BlackTeam "SC Friesen Lichtenberg"]

1. e4 e5 2. Nf3 Nf6 3. Nxe5 d6 4. Nf3 Nxe4 5. d4 d5 6. Bd3 Nc6 7. O-O Be7 8. c4
Nb4 9. Be2 O-O 10. Nc3 Be6 11. a3 Nxc3 12. bxc3 Nc6 13. cxd5 Bxd5 14. Bf4 Bd6
15. Bg3 Bxg3 16. hxg3 Qf6 17. Rb1 b6 18. Bb5 Na5 19. Ne5 Qd6 20. Ra1 c6 21. Ba4
1/2-1/2

[Event "14. Lichtenberger Sommer"]
[Site "14. Lichtenberger Sommer"]
[Date "2015.08.20"]
[Round "6.32"]
[White "Kather, Yannick"]
[Black "Scheide, Helmut"]
[Result "1-0"]
[WhiteElo "2041"]
[BlackElo "1959"]
[PlyCount "53"]
[EventDate "2015.??.??"]
[WhiteTeam "SC Weisse Dame (Berlin)"]
[BlackTeam "USV Potsdam"]

1. e4 e5 2. Nf3 Nc6 3. Bc4 Nf6 4. d3 Be7 5. O-O O-O 6. Re1 d6 7. c3 Na5 8. Bb5
a6 9. Ba4 b5 10. Bc2 c5 11. Nbd2 Re8 12. Nf1 Nc6 13. d4 Qc7 14. d5 Na5 15. Ng3
Rb8 16. b3 h6 17. h3 Bd7 18. Nh2 Qc8 19. Nh5 Nxh5 20. Qxh5 Bf8 21. Re3 g6 22.
Rg3 Kh7 23. Qh4 Qd8 24. Bg5 Qc8 25. Ng4 Bxg4 26. hxg4 Kg8 27. Rh3 1-0

[Event "14. Lichtenberger Sommer"]
[Site "14. Lichtenberger Sommer"]
[Date "2015.08.20"]
[Round "6.33"]
[White "Pluska, Alexander"]
[Black "Weber, Sandra"]
[Result "1-0"]
[WhiteElo "2030"]
[BlackElo "1837"]
[PlyCount "75"]
[EventDate "2015.??.??"]
[WhiteTeam "SK Doppelbauer Kiel"]
[BlackTeam "SV Stuttgart-Wolfbusch"]

1. d4 c5 2. e4 cxd4 3. c3 Nc6 4. cxd4 d5 5. Nc3 e6 6. e5 Qb6 7. Nf3 Nge7 8. Bd3
Ng6 9. h4 Bd7 10. h5 Nge7 11. Be3 Na5 12. Rb1 Rc8 13. h6 gxh6 14. Nh2 Kd8 15.
Ng4 Nc4 16. Qe2 Nxe3 17. fxe3 Bg7 18. O-O Be8 19. Nf6 Bxf6 20. Rxf6 Rc7 21. Qd2
Nc6 22. Nb5 Re7 23. Nd6 Qb4 24. Qc2 Rc7 25. Rc1 Qb6 26. a3 Rg8 27. b4 a6 28.
Qf2 Ne7 29. Rc5 Ng6 30. Nxf7+ Bxf7 31. Rxf7 Rxf7 32. Qxf7 Rf8 33. Qxh7 Ne7 34.
Qxh6 Re8 35. Qf6 Kd7 36. Be2 Nc6 37. Bg4 a5 38. Bxe6+ 1-0

[Event "14. Lichtenberger Sommer"]
[Site "14. Lichtenberger Sommer"]
[Date "2015.08.20"]
[Round "6.34"]
[White "Steiner, Wolfram"]
[Black "Wörz, Markus"]
[Result "0-1"]
[WhiteElo "1968"]
[BlackElo "2065"]
[PlyCount "40"]
[EventDate "2015.??.??"]
[WhiteTeam "SC Weisse Dame e.V."]
[BlackTeam "SC Kreuzberg"]

1. d4 Nf6 2. Bg5 e6 3. Nd2 h6 4. Bh4 d6 5. e4 Nbd7 6. Ngf3 g5 7. Bg3 Nh5 8. Bd3
b6 9. O-O Bb7 10. Re1 Bg7 11. e5 Nxg3 12. hxg3 g4 13. exd6 gxf3 14. dxc7 Qxc7
15. Nxf3 O-O 16. c3 Rfd8 17. Qb3 Nc5 18. dxc5 Rxd3 19. cxb6 axb6 20. Rad1 Bd5
0-1

[Event "14. Lichtenberger Sommer"]
[Site "14. Lichtenberger Sommer"]
[Date "2015.08.20"]
[Round "6.35"]
[White "Osipenko, Pavel"]
[Black "Sidabras, Jonas"]
[Result "1-0"]
[WhiteElo "2042"]
[BlackElo "1819"]
[PlyCount "69"]
[EventDate "2015.??.??"]
[WhiteTeam "Oryol"]
[BlackTeam "SC Kreuzberg"]

1. e4 e6 2. Nf3 d5 3. e5 c5 4. b4 cxb4 5. d4 Nc6 6. a3 Bd7 7. axb4 Bxb4+ 8. c3
Be7 9. Bd3 a6 10. Na3 Na5 11. h4 f6 12. Qc2 f5 13. g4 fxg4 14. Ng5 Bxg5 15.
hxg5 Qc7 16. Bg6+ Kd8 17. Bd2 Ne7 18. Rxh7 Nxg6 19. Qxg6 Rxh7 20. Qxh7 Nb3 21.
Qxg7 Nxa1 22. Qf8+ Be8 23. g6 Qe7 24. g7 Qxa3 25. g8=Q Qxf8 26. Qxf8 b5 27.
Bg5+ Kc7 28. Qd6+ Kb7 29. Bd8 Rc8 30. Qe7+ Kb8 31. Bb6 Nc2+ 32. Kd2 Rc4 33.
Qa7+ Kc8 34. Qa8+ Kd7 35. Qb7+ 1-0

[Event "14. Lichtenberger Sommer"]
[Site "14. Lichtenberger Sommer"]
[Date "2015.08.20"]
[Round "6.36"]
[White "Khorolskyi, Borys"]
[Black "Donath, Johann"]
[Result "0-1"]
[WhiteElo "1936"]
[BlackElo "2060"]
[PlyCount "126"]
[EventDate "2015.??.??"]
[WhiteTeam "vereinslos"]
[BlackTeam "BSV 63 Chemie Weißensee"]

1. b3 d5 2. Bb2 Nd7 3. Nf3 Ngf6 4. g3 e6 5. Bg2 Bd6 6. d3 O-O 7. O-O Re8 8.
Nbd2 e5 9. e4 dxe4 10. Nxe4 Nxe4 11. dxe4 Qe7 12. Nd2 Nf6 13. Nc4 Bg4 14. Qe1
Rad8 15. Nxd6 Qxd6 16. f3 Bd7 17. Rd1 Qa6 18. a3 h5 19. Qe3 h4 20. Rf2 hxg3 21.
hxg3 b6 22. Rfd2 Qc8 23. Qg5 Nh7 24. Qh4 Nf8 25. Kf2 f6 26. Qh1 Be6 27. Qe1 g5
28. Bf1 Ng6 29. Bb5 Rf8 30. g4 Nf4 31. Qf1 c6 32. Bc4 Rxd2+ 33. Rxd2 Rd8 34.
Bxe6+ Nxe6 35. Qd1 Rxd2+ 36. Qxd2 Qd8 37. Qxd8+ Nxd8 38. a4 Kf7 39. Ke3 c5 40.
Kd3 Ke6 41. Kc4 Kd6 42. Kb5 Kc7 43. a5 Kb7 44. a6+ Kc7 45. c3 Ne6 46. Ba3 Kd6
47. b4 Nc7+ 48. Ka4 cxb4 49. Bxb4+ Kd7 50. Ba3 Nxa6 51. Kb5 Nc7+ 52. Kc4 a5 53.
Bc1 Kc6 54. Ba3 b5+ 55. Kb3 Kd7 56. Bc5 Ne6 57. Bb6 a4+ 58. Kb4 Nf4 59. Be3
Nd3+ 60. Ka3 Kc6 61. c4 bxc4 62. Kxa4 Ne1 63. Kb4 Nc2+ 0-1

[Event "14. Lichtenberger Sommer"]
[Site "14. Lichtenberger Sommer"]
[Date "2015.08.20"]
[Round "6.37"]
[White "Segerberg, Tomas"]
[Black "Mayer, Herbert"]
[Result "1-0"]
[WhiteElo "2073"]
[BlackElo "1949"]
[PlyCount "123"]
[EventDate "2015.??.??"]
[WhiteTeam "Narva Berlin"]
[BlackTeam "SC Rochade (Berlin)"]

1. c4 Nf6 2. Nc3 d5 3. cxd5 Nxd5 4. Nf3 g6 5. Qb3 Nb6 6. d4 Bg7 7. Bf4 Be6 8.
Qa3 O-O 9. e3 c6 10. Bxb8 Qxb8 11. Qxe7 Nd5 12. Qa3 Re8 13. Be2 Bf8 14. Qa4 Bb4
15. Qc2 Bf5 16. Qd2 Qc7 17. O-O Qa5 18. Rac1 Nxc3 19. bxc3 Ba3 20. Rce1 b5 21.
Bd3 Bxd3 22. Qxd3 Bb2 23. Rb1 Bxc3 24. Rfc1 b4 25. Qc4 Rac8 26. Ne5 Qd5 27.
Qxd5 cxd5 28. Nd3 Bd2 29. Rxc8 Rxc8 30. Nc5 Rc6 31. Kf1 f5 32. Ke2 Bc3 33. Kd3
Kf7 34. a3 a5 35. Na4 f4 36. Rc1 fxe3 37. fxe3 Rf6 38. Nxc3 bxc3 39. Rxc3 Rf2
40. Rc5 Rxg2 41. Rxd5 Rxh2 42. Rxa5 h5 43. Ke4 Rf2 44. Ra7+ Kf6 45. d5 Rf5 46.
Rh7 Rg5 47. d6 Ke6 48. d7 Re5+ 49. Kf4 Rf5+ 50. Kg3 Rf8 51. a4 Rd8 52. a5 Kf6
53. a6 Ke6 54. e4 Kf6 55. a7 Ke6 56. Kh4 Kf6 57. e5+ Ke6 58. Kg5 Rg8 59. Rg7
Rd8 60. Rxg6+ Kxe5 61. Ra6 Ra8 62. d8=Q 1-0

[Event "14. Lichtenberger Sommer"]
[Site "14. Lichtenberger Sommer"]
[Date "2015.08.20"]
[Round "6.38"]
[White "Landt, Stefan"]
[Black "Schäfer, Heiko"]
[Result "1/2-1/2"]
[WhiteElo "1903"]
[BlackElo "2085"]
[PlyCount "99"]
[EventDate "2015.??.??"]
[WhiteTeam "SV Berolina Mitte"]
[BlackTeam "Potsdamer SV"]

1. d4 e6 2. c4 d5 3. Nc3 c6 4. e3 Nd7 5. Nf3 f5 6. Be2 Ngf6 7. O-O Bd6 8. c5
Bc7 9. Ng5 Qe7 10. f4 O-O 11. b4 Ne4 12. Ngxe4 dxe4 13. b5 Nf6 14. bxc6 bxc6
15. Qa4 Qd7 16. Rb1 a5 17. Bd2 Ba6 18. Bxa6 Rxa6 19. Rb7 Rb8 20. Rfb1 Rxb7 21.
Rxb7 Qc8 22. Qb3 Nd5 23. Nxd5 exd5 24. a4 Ra8 25. Be1 Qd8 26. Qb1 Rc8 27. Qb2
h6 28. Qe2 Ra8 29. Qh5 Qc8 30. Rb2 Kh7 31. Qf7 Ra7 32. Qh5 g6 33. Qd1 Rb7 34.
Qb1 Rxb2 35. Qxb2 Qa6 36. Kf2 Kg7 37. h3 Kf6 38. Qe2 Qb7 39. Qc2 Ke6 40. Ke2
Bd8 41. Kd1 g5 42. g3 h5 43. Ke2 Qa6+ 44. Kd1 gxf4 45. gxf4 Qf1 46. Qe2 Qxh3
47. Qa6 Kd7 48. Qb7+ Bc7 49. Bxa5 Qf1+ 50. Kc2 1/2-1/2

[Event "14. Lichtenberger Sommer"]
[Site "14. Lichtenberger Sommer"]
[Date "2015.08.20"]
[Round "6.39"]
[White "Guenther, Thomas"]
[Black "Dittrich, Tom"]
[Result "1/2-1/2"]
[WhiteElo "2081"]
[BlackElo "1813"]
[PlyCount "68"]
[EventDate "2015.??.??"]
[WhiteTeam "SV Senat (FV Schach)"]
[BlackTeam "SG Stadtilm"]

1. d4 Nf6 2. Nf3 g6 3. b3 Bg7 4. Bb2 O-O 5. e3 d6 6. h3 Nbd7 7. Nbd2 Re8 8. c4
e5 9. d5 e4 10. Nd4 Nf8 11. Qc2 a6 12. g4 Qe7 13. Bg2 h6 14. O-O-O N8d7 15.
Rdg1 Nc5 16. Bf1 a5 17. Kb1 Bd7 18. Qd1 a4 19. b4 a3 20. Ba1 Ba4 21. N2b3 Nxb3
22. axb3 Bd7 23. Ka2 c5 24. bxc5 dxc5 25. Nb5 Bxb5 26. cxb5 Red8 27. Bc4 Qd6
28. Qc2 Nxd5 29. Bxd5 Qxd5 30. Rd1 Qe6 31. Bxg7 Kxg7 32. Rxd8 Rxd8 33. Rd1 Rxd1
34. Qxd1 b6 1/2-1/2

[Event "14. Lichtenberger Sommer"]
[Site "14. Lichtenberger Sommer"]
[Date "2015.08.20"]
[Round "6.40"]
[White "Schleicher, Janek"]
[Black "Niechotz, Christopher"]
[Result "0-1"]
[WhiteElo "2029"]
[BlackElo "2120"]
[PlyCount "82"]
[EventDate "2015.??.??"]
[WhiteTeam "SV Bürgel"]
[BlackTeam "SC Kreuzberg"]

1. d4 Nf6 2. Bg5 Ne4 3. Bf4 d5 4. f3 Nf6 5. Nc3 c5 6. e3 e6 7. Qd2 a6 8. Nge2
Nc6 9. g4 Bd7 10. Ng3 cxd4 11. exd4 h5 12. g5 h4 13. gxf6 hxg3 14. Bxg3 Qxf6
15. O-O-O Rc8 16. Qe3 Be7 17. h4 Kf8 18. Be2 Nb4 19. h5 Qf5 20. Bd3 Nxd3+ 21.
Qxd3 Qxd3 22. Rxd3 g6 23. Bh4 Rxh5 24. Bxe7+ Kxe7 25. Rxh5 gxh5 26. Rd2 h4 27.
Rh2 Rh8 28. Kd2 f6 29. Ke3 Kd6 30. f4 h3 31. Ne2 e5 32. fxe5+ fxe5 33. dxe5+
Kxe5 34. Ng1 d4+ 35. Kf2 Rf8+ 36. Kg3 Rg8+ 37. Kf2 Bg4 38. Nxh3 Rh8 39. Kg3
Rxh3+ 40. Rxh3 Bxh3 41. Kxh3 Kf4 0-1